O argumento ontológico: a existencia de Deus de Anselmo a Schelling

Na minha lista:
Detalhes bibliográficos
Autor principal: Tomatis, Francesco (Author)
Formato: Livro
Idioma:português
Publicado em: Sao Paulo Paulus 2003
Colecção:Filosofia
Assuntos:
Tags: Adicionar Tag
Sem tags, seja o primeiro a adicionar uma tag!

MARC

LEADER 00000cam a2200000 a 4500
001 UCF2871
003 CL-VaPUC
008 120910e20030000BL |||||||||||||||||por|d
020 |a 8534920133 
082 0 4 |a 212.1  |b TOM  |2 21 
100 0 |a Tomatis, Francesco  |e author  |9 564707 
245 1 2 |a O argumento ontológico: a existencia de Deus de Anselmo a Schelling 
300 |a 155 p 
942 |c BK 
945 |d 20120910 00:00:00  |a dcastane 
260 |a Sao Paulo  |b Paulus  |c 2003 
650 0 |a Dios   |9 266622 
650 0 |a Existencia de Dios   |9 266954 
650 0 |a Ontología   |9 256850 
583 |a last modification  |c 20120910 11:39:00  |k Rodrigo Vera 
490 0 |a Filosofia 
999 |c 349409  |d 349407 
952 |0 0  |1 0  |4 0  |6 212_100000000000000_TOM_2003  |7 0  |8 A  |9 452020  |a BIBEDU  |b BIBEDU  |d 2019-11-22  |i 4902629  |o 212.1 TOM 2003  |p 4902629  |r 2019-11-22  |w 2019-11-22  |y BK  |k FIL